| 000 | 01905nam a2200553 i 4500 | ||
|---|---|---|---|
| 001 | 33935 | ||
| 003 | KOSZ 005 | ||
| 005 | 20220104104851.0 | ||
| 008 | 990217s1998 pl a |000 0 pol | ||
| 015 | _aUWD 1999/1965 | ||
| 020 | _a8320422191 | ||
| 035 | _a991008986869705066 | ||
| 035 | _a(PL-WaBN)b12323548-48omnis_nlop | ||
| 035 | _ab12323548 | ||
| 035 | _a(OCoLC)749399075 | ||
| 035 | _azz2004911451 | ||
| 035 | _a(PL)b0000001232354 | ||
| 035 | _a(EXLNZ-48OMNIS_NETWORK)9910404098105606 | ||
| 040 |
_aWA N _cWA N _dLUBL KUL _dKOSZ 005/HR |
||
| 041 | 1 |
_apol _heng |
|
| 046 | _k1994 | ||
| 080 | _a004.31 | ||
| 080 | _a621.3.049.77 | ||
| 080 | _a(075.8) | ||
| 100 | 1 |
_aDe Micheli, Giovanni _eAutor |
|
| 245 | 1 | 0 |
_aSynteza i optymalizacja układów cyfrowych / _cGiovanni De Micheli ; z ang. przeł. Zbigniew Maria Ażgin. |
| 246 | 1 |
_iTyt. oryg.: _aSynthesis and optimization of digital circuits, _f1994 |
|
| 260 |
_aWarszawa : _bWydawnictwa Naukowo-Techniczne, _c1998. |
||
| 300 |
_aX, 635, [1] s. : _brys., wykr. ; _c25 cm. |
||
| 336 |
_aTekst _btxt _2rdacontent |
||
| 337 |
_aBez urządzenia pośredniczącego _bn _2rdamedia |
||
| 338 |
_aWolumin _bnc _2rdacarrier |
||
| 380 | _aKsiążki | ||
| 380 | _aPublikacje dydaktyczne | ||
| 385 |
_mPoziom nauczania _aSzkoły wyższe |
||
| 388 | _a1901-2000 | ||
| 388 | _a1989-2000 | ||
| 504 | _aBibliogr. przy rozdz. | ||
| 650 | 7 |
_aUkład cyfrowy _2DBN |
|
| 650 | 7 | _aProjektowanie | |
| 655 | 7 |
_aPodręczniki akademickie _2DBN |
|
| 658 | _aInżynieria i technika | ||
| 658 | _aInformatyka i technologie informacyjne | ||
| 700 | 1 |
_aAżgin, Zbigniew Maria _eTłumaczenie |
|
| 710 | 2 |
_aWydawnictwa Naukowo-Techniczne _4pbl |
|
| 856 |
_uhttp://koha.tu.koszalin.pl/cgi-bin/koha/opac-detail.pl?biblionumber=33935 _yKatalog online BPK |
||
| 942 |
_2UKD _cKS |
||
| 999 |
_c33935 _d33935 |
||